Library Banner

The human side of outsourcing (Record no. 73228)

MARC details
000 -LEADER
fixed length control field 00516nam a2200181Ia 4500
001 - CONTROL NUMBER
control field 67760
008 - FIXED-LENGTH DATA ELEMENTS--GENERAL INFORMATION
fixed length control field 150618s9999 xx 000 0 und d
020 ## - INTERNATIONAL STANDARD BOOK NUMBER
International Standard Book Number 9780470718704
040 ## - CATALOGING SOURCE
Transcribing agency PK-LaUMT
082 ## - DEWEY DECIMAL CLASSIFICATION NUMBER
Classification number 658.4058
Item number HUM-
100 ## - MAIN ENTRY--PERSONAL NAME
Personal name Morgan, Stephanie J.
245 #4 - TITLE STATEMENT
Title The human side of outsourcing
Remainder of title psychological theory and management practice
Statement of responsibility, etc Morgan, Stephanie J.
260 ## - PUBLICATION, DISTRIBUTION, ETC. (IMPRINT)
Place of publication, distribution, etc West Sussex,USA:
Name of publisher, distributor, etc John Wiley & Sons,
Date of publication, distribution, etc 2009
300 ## - PHYSICAL DESCRIPTION
Extent 295 p.
546 ## - LANGUAGE NOTE
Language note EN
650 ## - SUBJECT ADDED ENTRY--TOPICAL TERM
Topical term or geographic name as entry element Contracting out
942 ## - ADDED ENTRY ELEMENTS (KOHA)
Koha item type Books
Holdings
Withdrawn status Lost status Damaged status Not for loan Home library Current library Date acquired Total Checkouts Full call number Barcode Date last seen Date checked out Price effective from Koha item type
        UMT Main Campus UMT Main Campus 2015-06-18 1 658.4058 HUM- 92827 2015-11-02 2015-07-09 2015-06-18 Books